000 03897cam a22004938i 4500
001 23258522
005 20241128154718.0
006 m |o d |
007 cr_|||||||||||
008 230622s2023 enk ob 001 0 eng
010 _a 2023029302
020 _a9781009363716
_q(epub)
020 _z9781009363709
_q(hardback)
020 _z9781009363730
_q(paperback)
040 _aDLC
_beng
_cDLC
_erda
042 _apcc
245 0 0 _aTrade policy and gender equality /
_cedited by Amrita Bahri, ITAM; Dorotea López, University of Chile; Jan Yves Remy, The University of the West Indies.
263 _a2310
264 1 _aCambridge, United Kingdom ;
_aNew York, NY :
_bCambridge University Press,
_c2023.
300 _a1 online resource
336 _atext
_btxt
_2rdacontent
337 _acomputer
_bc
_2rdamedia
338 _aonline resource
_bcr
_2rdacarrier
504 _aIncludes bibliographical references and index.
505 0 _aGender responsive WTO : making trade rules and policies work for women / Anoush der Boghossian -- Advances in feminising WTO / Mia Mikic -- Global economic governance and women : why is the WTO a difficult case for women representation? / Judit Fabian -- Women in the LDCs : how to build forward differently for them? / Simonetta Zarrilli -- Gender-inclusive governance for E-Commerce, digital trade, and trade in services : a look at domestic regulation / Amalie Giødesen Thystrup -- Setting up the table right : women representation meets women inclusion in trade negotiations / Maria Sokolova and Matthew Wilson -- The Importance of gender responsive standards for trade policy / Gabrielle White and Michelle Parkouda -- Mainstreaming gender in investment treaties and its prevailing trends : the actions of MNEs in the Americas / Renata Amaral and Lillyana Sophia Daza Jaller -- Gender approaches in regional trade agreements and a possible protocol under the African Continental Free Trade Area : a comparative assessment / Katrin Kuhlmann -- Leave no woman behind : towards a more holistic gender and trade policy in CARICOM / Tonni Brodber and Jan Yves Remy -- South America's leadership in gender mainstreaming in trade agreements / Javiera Cáraces and Felipe Muñoz -- Gender mainstreaming in trade agreements : best practice examples and challenges in the Asia Pacific / Amrita Bahri -- Crafting Canada's gender-responsive trade policy / Marie-France Paquet and Georgina Wainwright-Kemdirim.
520 _a"With a range of interdisciplinary contributions and national and regional case studies, this collection offers a systematic, up-to-date evaluation of the debate relating to international trade law, policy, and gender equality. It analyses recent trade negotiations and agreements through a gender lens. Available as Open Access on Cambridge Core"--
_cProvided by publisher.
588 _aDescription based on print version record and CIP data provided by publisher; resource not viewed.
610 2 0 _aWorld Trade Organization.
650 0 _aInternational trade.
650 0 _aForeign trade regulation.
650 0 _aCommercial policy.
650 0 _aGender mainstreaming.
650 0 _aSex discrimination in employment
_xLaw and legislation.
650 0 _aSex discrimination in economics.
650 0 _aEquality before the law.
700 1 _aBahri, Amrita,
_eeditor.
700 1 _aLópez, Dorotea
_q(López Giral),
_eeditor.
700 1 _aRemy, Jan Yves,
_d1978-
_eeditor.
776 0 8 _iPrint version:
_tTrade policy and gender equality
_dCambridge, United Kingdom ; New York, NY : Cambridge University Press, 2023
_z9781009363709
_w(DLC) 2023029301
856 _uhttps://www.cambridge.org/core/books/trade-policy-and-gender-equality/EECD723F67B7555150C926A78A0DB439
_yClick here to Access
906 _a7
_bcbc
_corignew
_d1
_eecip
_f20
_gy-gencatlg
942 _2ddc
_cOAB
999 _c213078
_d213078